000 00690nam a2200181 a 4500
001 000005062
005 20200929151553.0
008 090729s2004 sp a 000 0 spa d
020 _a8449428246
040 _aDO-SdBNP
_bspa
_cBNPHU
082 _axxx
245 0 0 _aDe la Edad del Hielo a la civilización :
_bel origen de la humanidad /
_cDirección David Solar, Javier Villalba.
260 _aBarcelona, España :
_bOceano,
_c2004.
300 _a396 p. :
_bil. ;
_c30 cm.
505 2 _gCazadores de la edad del hielo --
_gDe cazadores a campesinos --
_gLa Edad de Bronce --
_gLos grandes imperios de Mesopotamia
700 1 _aSolar, David,
_eed.
_914549
700 1 _aVillalba, Javier,
_eed.
_914550
999 _c4866
_d4866